Statistics for Mamma Mia Lyrics

Click here to take the quiz!

General Stats

  • This quiz has been taken 58 times
  • The average score is 225 of 314

Answer Stats

HintAnswer% Correct
a
98%
I
98%
you
96%
You
96%
Mamma
92%
Mia
92%
go
91%
hear
91%
again
85%
by
85%
do
85%
an
83%
be
83%
know
83%
my
83%
the
83%
can
81%
here
81%
how
81%
been
79%
don't
79%
LyricsI've
79%
when
79%
it
77%
we
77%
and
75%
And
75%
ever
75%
So
75%
let
74%
since
74%
to
74%
cheated
72%
just
72%
me
72%
broken
70%
look
70%
Look
70%
missed
70%
resist
70%
Will
70%
at
68%
now
68%
but
66%
did
66%
hearted
66%
mind
66%
parted
66%
soul
66%
There's
66%
Why
66%
why
66%
come
64%
day
64%
end
64%
fire
64%
much
64%
control
62%
forget
62%
everything
60%
lose
60%
made
60%
must
60%
One
60%
up
60%
Yes
60%
does
58%
more
58%
suddenly
58%
within
58%
bell
57%
learn
57%
really
57%
ring
57%
show
57%
Blue
55%
that
49%
could
47%
never
47%
sad
47%
think
47%
all
43%
can't
43%
not
43%
angry
40%
count
38%
times
38%
Whoa
38%
I'm
34%
about
28%
strong
28%
things
28%
too
26%
we're
26%
long
25%
through
23%
door
21%
slam
21%
won't
21%
away
19%
it's
19%
or
19%
if
17%
leave
17%
game
15%
play
15%
doesn't
13%
say
13%
told
13%
bye
9%
forever
9%
mean
9%
even
8%

Score Distribution

Percentile by Number Answered

Percent of People with Each Score

Your Score History

You have not taken this quiz